Culture Générale - Série 2291 - Statistiques

Statistiques générales
  • Ce quiz a été pris 127 fois
  • Le résultat moyen est 5 sur 10
Statistiques - réponses
Question Réponse % Correct
Quel mot anglais désigne l'entraîneur d'une équipe, d'un sportif de haut niveau ? coach
92%
Quelle actrice française est devenue célèbre grâce à la série télévisée "Un gars une fille" ? prénom et nom - voir photo Alexandra Lamy
84%
Quelle est la capitale de la Biélorussie ? Minsk
82%
Qui a écrit "Le nom de la rose" en 1980 ? prénom et nom Umberto Eco
55%
Quelle est la capitale du Kosovo ? Pristina
50%
De quel état des Etats Unis Richmond est-elle la capitale ? Virginie
34%
Dans le corps humain comment appelle-t-on plus couramment l'os "scapula" ? omoplate
32%
Quel est le nom scientifique de la colonne vertébrale chez l'homme ? rachis
13%
Qui a écrit "Le sagouin" en 1947 ? prénom et nom François Mauriac
10%
Qui a écrit "La mort du petit cheval" en 1950 ? prénom et nom Hervé Bazin
8%
Aucun quiz correspondant
Distribution des résultats
% des personnes avec chaque résultat
Percentile par nombre de réponses
Votre historique - résultats
Vous n’avez pas pris ce quiz